Sự tích con voi trắng /
محفوظ في:
| التنسيق: | Sách giấy |
|---|---|
| اللغة: | Vietnamese |
| منشور في: |
H. :
Thời đại,
2013.
|
| الموضوعات: | |
| الوسوم: |
إضافة وسم
لا توجد وسوم, كن أول من يضع وسما على هذه التسجيلة!
|
| Thư viện lưu trữ: | Thư viện Trường Đại học Đà Lạt |
|---|
| LEADER | 00756nam a2200289 4500 | ||
|---|---|---|---|
| 001 | DLU140165002 | ||
| 005 | ##20141030 | ||
| 020 | # | # | |a 9786049306105 |
| 040 | # | # | |a DLU |b vie |
| 041 | # | # | |a vie |
| 044 | # | # | |a vn |
| 082 | # | # | |a 398.209 597 |b Sut |
| 245 | # | # | |a Sự tích con voi trắng / |c Điểu K'Lung kể; Điểu Kâu dịch; Trương Bi sưu tầm và biên soạn. |
| 260 | # | # | |a H. : |b Thời đại, |c 2013. |
| 300 | # | # | |a 203 tr. ; |c 21 cm. |
| 650 | # | # | |a Ê Đê (Dân tộc Việt Nam) |x Văn học dân gian. |
| 923 | # | # | |a 04/2014 |
| 991 | # | # | |a SH |
| 992 | # | # | |a 8200 |
| 994 | # | # | |a DLU |
| 900 | # | # | |a True |
| 911 | # | # | |a Đào Thị Thu Huyền |
| 925 | # | # | |a G |
| 926 | # | # | |a A |
| 927 | # | # | |a SH |
| 980 | # | # | |a Thư viện Trường Đại học Đà Lạt |


